书目信息 |
| 题名: |
德语商务信函写作
|
|
| 作者: | 李忠民 编著 | |
| 分册: | ||
| 出版信息: | 北京 北京大学出版社 2002.09 |
|
| 页数: | 329页 | |
| 开本: | 20cm | |
| 丛书名: | ||
| 单 册: | ||
| 中图分类: | H335 | |
| 科图分类: | ||
| 主题词: | ||
| 电子资源: | ||
| ISBN: | 7-301-05611-7 | |
| 000 | 00529nam0 2200181 450 | |
| 001 | 0540526973 | |
| 005 | 20050913162933.19 | |
| 010 | @a7-301-05611-7@dCNY 40.00 | |
| 100 | @a20050902d2002 km y0chiy0120 ea | |
| 101 | 0 | @achi |
| 102 | @aCN@b110000 | |
| 200 | 1 | @a德语商务信函写作@Ade yu shang wu xin han xie zuo@f李忠民编著@Fli zhong min bian zhu |
| 210 | @a北京@c北京大学出版社@d2002.09 | |
| 215 | @a329页@d20cm | |
| 690 | @aH335@v4 | |
| 701 | 0 | @a李忠民@Ali zhong min@4编著 |
| 801 | 0 | @aCN@bPFT@c20050913 |
| 905 | @a10447@dH335@eL344 | |
| 德语商务信函写作/李忠民编著.-北京:北京大学出版社,2002.09 |
| 329页;20cm |
| ISBN 7-301-05611-7:CNY 40.00 |
| ● |
| 相关链接 |
|
|
|
正题名:德语商务信函写作
索取号:H335/L344
 
预约/预借
| 序号 | 登录号 | 条形码 | 馆藏地/架位号 | 状态 | 备注 |
| 1 | 552292 | 205522923 | 语言库209/209语言库 119排2列3层/ [索取号:H335/L344] | 在馆 | |
| 2 | 552293 | 205522932 | 语言库209/209语言库 119排2列3层/ [索取号:H335/L344] | 在馆 | |
| 3 | 552294 | 205522941 | 语言库209/209语言库 119排2列3层/ [索取号:H335/L344] | 在馆 |